000 00372nam a2200145 4500
003 OSt
008 241005b |||||||| |||| 00| 0 eng d
041 _amal
082 _a954.8305
_bVIJ/KE
100 _aVijayan, Pinarayi
_96305
245 _aKeraleeya navothanam neridunna velluvilikal /
260 _aKayamkulam :
_bSithara Books,
_c2021.
300 _a144p.
942 _cBK
999 _c18128
_d18128